Negociación: resolución de problemas y creación de valor
Uloženo v:
| Hlavní autor: | |
|---|---|
| Médium: | Kniha |
| Jazyk: | španělština |
| Vydáno: |
Pamplona
Folio
1997
|
| Edice: | Biblioteca IESE de Gestión de Empresas
|
| Témata: | |
| Tagy: |
Přidat tag
Žádné tagy, Buďte první, kdo vytvoří štítek k tomuto záznamu!
|
MARC
| LEADER | 00000nam a2200000 a 4500 | ||
|---|---|---|---|
| 001 | UCP9202 | ||
| 003 | CL-VaPUC | ||
| 008 | 000324e19970000sp |||||||||||||||||spa|d | ||
| 082 | 0 | 4 | |a 658.1 |b ROU |2 21 |
| 100 | 0 | |a Roure, Juan B |e author |9 439629 | |
| 245 | 1 | 0 | |a Negociación: resolución de problemas y creación de valor |
| 300 | |a 74 p | ||
| 942 | |c BK | ||
| 945 | |d 20000324 00:00:00 |a rbrito | ||
| 260 | |a Pamplona |b Folio |c 1997 | ||
| 650 | 0 | |a Administración de empresas |9 260833 | |
| 650 | 0 | |a Gestión de empresas |9 433832 | |
| 650 | 7 | |a PLANIFICACION |2 CL-VaPUC |9 260802 | |
| 583 | |a last modification |c 20171011 10:59:30 |k Rodrigo Vera | ||
| 490 | 0 | |a Biblioteca IESE de Gestión de Empresas | |
| 999 | |c 286042 |d 286040 | ||
| 952 | |0 0 |1 0 |4 0 |6 658_100000000000000_ROU_1997 |7 0 |8 A |9 331288 |a BIBENE |b BIBENE |d 2019-11-20 |i 3588122 |o 658.1 ROU 1997 |p 3588122 |r 2025-01-15 |w 2019-11-20 |y BK |k ICO | ||
| 952 | |0 0 |1 0 |4 0 |6 658_100000000000000_ROU_1997 |7 0 |8 A |9 331289 |a BIBENE |b BIBENE |d 2019-11-20 |i 3588130 |o 658.1 ROU 1997 |p 3588130 |r 2025-01-15 |w 2019-11-20 |y BK |k ICO | ||